| 000 | 00743nam a22001937a 4500 | ||
|---|---|---|---|
| 005 | 20180106152726.0 | ||
| 010 | _aUR-10004 | ||
| 020 |
_c300.00 _a9789350734995 |
||
| 035 | _aU-8559 | ||
| 037 | _bDBAD/PUB | ||
| 100 | _aشیر ا ز حمید ی | ||
| 245 |
_aسلطان اختر کی شاعر ی _cشیر ا ز حمید ی |
||
| 246 |
_bSultan Akhtar Ki Shaiyri _aby Azizullah Shirani |
||
| 260 |
_aDelhi _bEducational Publishing House _c2014 |
||
| 270 |
_a3191,Vakil Street,Kucha Pandit,Lal Kuan, _bDelhi _e110006 _k23214465 _l- |
||
| 300 |
_a200ص _c22 Cm.(B.b) |
||
| 500 | _aدو حصہ | ||
| 942 |
_2ddc _cUR _h841.08 _mش ی ر |
||
| 999 |
_c148947 _d148947 |
||